000
00286nam a22001337a 4500
008
181017b xxu||||| |||| 00| 0 eng d
020
_a
0323034438
041
_a
eng
080
_a
616.8
100
_a
7
101
_a
NEU
245
_a
Nervous System
_c
Mihailoff,G.A
942
_2
udc
_c
BK
999
_c
49987
_d
49987